| 000 | 00903nam a22002177a 4500 | ||
|---|---|---|---|
| 999 |
_c7752 _d7752 |
||
| 003 | AR-CdUCM | ||
| 008 | 190321b ||||| |||| 00| 0 spa d | ||
| 040 |
_aMUNICIPALIDAD PROVINCIAL DEL CUSCO _cBIBLIOTECA MUNICIPAL DEL CUSCO |
||
| 082 |
_22ed. _a636.084 / _bR46 |
||
| 100 |
_aRevuelta Gonzalez, Luis _921901 |
||
| 245 | _aBromatología Zootecnica y Alimentación Animal / | ||
| 260 |
_aBarcelona : _bSalvat Editores ; _c1963. |
||
| 300 |
_a1088 páginas ; _bIlustraciones, fórmulas, tablas _c22cm _eDiagramas b/n |
||
| 440 |
_aColección Agrícola Salvat _921902 |
||
| 505 | _aContenido: Nutrición animal -- Los principales alimentos de los animales -- Alimentación y racionamiento de los animales domésticos | ||
| 650 |
_aAnimales domésticos _921629 |
||
| 650 |
_aAlimentos de origen vegetal _921903 |
||
| 650 |
_aAlimentos de origen animal _921904 |
||
| 942 |
_2ddc _cLIBROS |
||
| 945 | _anom | ||